| 000 | 00519cam a2200193ua 4500 | ||
|---|---|---|---|
| 001 | 5651 | ||
| 008 | 170816n ii |||gr||||Z||||||eng | ||
| 040 | _cMAIN | ||
| 041 | _aeng | ||
| 082 | _a954.162 | ||
| 100 |
_aBaruah,S.L., _eAuthor., |
||
| 245 |
_aA Comprehensive History of Assam _cBy S.L. Baruah |
||
| 260 |
_aDelhi: _bMunshiram Manoharlal Publishers Pvt.Ltd., _c1985. |
||
| 300 | _axi,456p. | ||
| 653 | _aHistory | ||
| 653 | _aA Comprehensive History of Assam | ||
| 700 |
_aBaruah,S.L., _eAuthor., |
||
| 942 | _cBK | ||
| 999 |
_c4810 _d4810 |
||